Seleccionar parroquias Muros (Galicia) - Estadísticas

Estadísticas generales
  • Esta prueba ha sido intentada 4 veces
  • La puntuación promedio es 6 de 8
Respuestas en el mapa
Las respuestas están codificadas por una escala verde-roja en el mapa de la prueba según el % correcto abajo.
 
Estadísticas de respuestas
Respuesta % Correcto
Esteiro
100%
Louro
100%
Muros
100%
Tal
100%
Torea
100%
Abelleira
67%
Serres
33%
Sestaio
33%
No se encontraron pruebas coincidentes
Distribución de puntuación
Porcentaje de gente con cada puntuación
Porcentaje por número respondido
Historial de tus puntuaciones
No has intentado esta prueba.